Statystyki dla Państwa, które pokonały Wielką Brytanię

Kliknij tutaj aby rozwiązać quiz!

Ogólne statystyki

  • Ten quiz został rozwiązany 96 razy
    (89 od ostatniego zresetowania)
  • Średni wynik to 12 z 20

Statystyki odpowiedzi

RangaKategoriaPaństwo% Poprawnych
11Częściej zgadywany w quizie "Państwa Świata"Polska | Rosja | Francja | Niemcy | Stany Zjednoczone |
Kanada | Włochy | Hiszpania | Chiny | Czechy | Ukraina
99%
3Wyższa populacja w EuropieRosja | Niemcy
96%
4Bardziej zaludnione państwo wyspiarskieIndonezja | Japonia | Filipiny
84%
3Wyższy budynek w EuropieRosja | Polska
80%
2Większa ilość rodzimych użytkowników języka angielskiegoStany Zjednoczone
75%
5Większa „wyłączna strefa ekonomiczna” na oceanieFrancja | Stany Zjednoczone | Australia | Rosja
72%
2Większa ilość wygranych
w Lidze Mistrzów / Pucharze Europy
Hiszpania
60%
3Większa ilość książek publikowanycyh rocznieChiny | Stany Zjednoczone
59%
2Większa ilość osób pochodzenia irlandzkiegoStany Zjednoczone
58%
3Bardziej zaludniona monarchiaJaponia | Tajlandia
57%
3Częściej odwiedzany przez obywateli USAKanada | Meksyk
57%
2Wyższy procent osób, które mają rude włosyIrlandia
56%
4Wyższy odsetek osób, które nie są religijne
(ankieta WIN / Gallup 2017)
Chiny | Szwecja | Czechy
54%
2Najstarszy uniwersytetWłochy
54%
5Dłużej panujący monarcha w historii
(tylko suwerenne państwa)
Francja | Tajlandia | Liechtenstein | Austria
52%
8Większa ilość lauleatów Nagrody Nobla na jednego mieszkańcaSaint Lucia | Luksemburg | Szwajcaria | Szwecja | Islandia | Norwegia | Dania | Austria
49%
2Bardziejzaludniony kraj, którego nazwa zaczyna się na "W”Wietnam
42%
3Wyższe wypijanie herbaty na mieszkańcaTurcja | Irlandia
36%
5Państwo, które miało wcześniej kobietę jako premierSri Lanka | Indie | Izrael | Republika Środkowoafrykańska
26%
2Wyższa anglikańska populacja chrześcijan
(BBC, 2008)
Nigeria
10%

Rozkład punktacji

Percentyl według liczby udzielonych odpowiedzi

Procent ludzi z każdym wynikiem

Twoja historia wyników

Nie rozwiązałeś tego quizu od ostatniego zresetowania